000 00863cam a2200133 4500500
005 20251214004314.0
041 _afre
042 _adc
100 1 0 _aMarx, Roland
_eauthor
245 0 0 _aHistoire de la Grande-Bretagne, du Ve siècle à nos jours : Du Ve siècle à nos jours
260 _bArmand Colin,
_c2016.
520 _aComment s’est forgée, au cours de 15 siècles d’histoire, une identité britannique. Institutions et vie politique, structures de la société, évolution de l’économie, options religieuses et grands choix de politique internationale sont analysés dans un cadre chronologique. Pour cette édition, bibliographie réactualisée, et mise à jour du chapitre de 1992 à 1995.
856 4 1 _uhttps://shs.cairn.info/histoire-de-la-grande-bretagne-du-ve-siecle-a-nos-jours--9782200217051?lang=fr&redirect-ssocas=7080
999 _c1568406
_d1568406